46 câu hỏi đáp về sản xuất giống và nuôi tôm càng xanh /
v...v
Đã lưu trong:
| Tác giả chính: | |
|---|---|
| Định dạng: | Sách |
| Năm xuất bản: |
Tp. Hồ Chí Minh:
Nông nghiệp,
2004 .-
|
| Chủ đề: | |
| Tags: |
Thêm thẻ
Không có thẻ, Hãy là người đầu tiên gắn thẻ bản ghi này!
|
| LEADER | 00823nam a2200157 4500 | ||
|---|---|---|---|
| 082 | |a 639.6076 |b PH104V | ||
| 100 | |a Phạm Văn Tình | ||
| 245 | |a 46 câu hỏi đáp về sản xuất giống và nuôi tôm càng xanh / |c Phạm Văn Tình . - | ||
| 260 | |a Tp. Hồ Chí Minh: |b Nông nghiệp, |c 2004 .- | ||
| 300 | |a 70 tr.; |c 19 cm | ||
| 520 | |a v...v | ||
| 653 | |a Nông nghiệp % Kỹ thuật nuôi % Tôm càng xanh % Sản xuất % Giống tôm % Câu hỏi % Trả lời | ||
| 942 | |2 ddc |c STK0 | ||
| 999 | |c 7338 |d 7338 | ||
| 952 | |0 0 |1 0 |2 ddc |4 0 |6 639_607600000000000_PH104V |7 0 |8 600 |9 67385 |a qbu |b qbu |c D3 |d 2015-02-05 |g 6500 |o 639.6076 PH104V |p 7184.c1 |r 0000-00-00 |w 2015-02-05 |y STK0 | ||
| 952 | |0 0 |1 0 |2 ddc |4 0 |6 639_607600000000000_PH104V |7 0 |8 600 |9 67386 |a qbu |b qbu |c D3 |d 2015-02-05 |g 6500 |o 639.6076 PH104V |p 7184.c2 |r 0000-00-00 |w 2015-02-05 |y STK0 | ||